Pays dont la dernière lettre est une consonne - Statistiques

Statistiques générales
  • Ce quiz a été pris 248 fois
  • Le résultat moyen est 43 sur 64
Statistiques - réponses
Dernière lettre Pays % Correct
K Danemark
94%
K Irak
81%
N Iran
81%
L Brésil
80%
S États-Unis
80%
G Luxembourg
80%
L Portugal
80%
N Japon
79%
N Liechtenstein
79%
C Maroc
79%
N Kazakhstan
77%
N Afghanistan
76%
N Ouzbékistan
76%
N Turkménistan
76%
N Vatican
76%
N Soudan
75%
L Israël
74%
N Pakistan
74%
D Corée du Sud
73%
D Corée du Nord
72%
N Kirghizistan
72%
N Liban
72%
N Saint-Marin
72%
D Afrique du Sud
71%
S Laos
70%
N Oman
70%
N Yémen
70%
D Soudan du Sud
69%
N Azerbaïdjan
68%
N Tadjikistan
68%
R Équateur
67%
L Népal
67%
S Pays-Bas
67%
R Qatar
67%
M Viêt Nam
67%
R Niger
65%
T Koweït
64%
R Madagascar
64%
N Bénin
63%
L Sénégal
63%
N Bhoutan
62%
S Émirats Arabes Unis
61%
S Honduras
61%
L Îles Marshall
60%
D Tchad
60%
H Bangladesh
59%
N Cameroun
59%
N Bahreïn
58%
S Comores
58%
S Saint-Christophe- et-Niévès
58%
N Gabon
57%
S Bahamas
56%
T Cap-Vert
56%
R Salvador
55%
S Saint-Vincent-et-les- Grenadines
54%
S Seychelles
54%
N Taïwan
54%
S Palaos
53%
R Singapour
53%
L Timor Oriental
53%
S Maldives
52%
S Philippines
52%
N Îles Salomon
48%
D Macédoine du Nord
45%
Aucun quiz correspondant
Distribution des résultats
% des personnes avec chaque résultat
Percentile par nombre de réponses
Votre historique - résultats
Vous n’avez pas pris ce quiz